[Event "Open de Provence"]
[Site "Meyreuil"]
[Date "2009.07.06"]
[Round "2.9"]
[White "Girard, Jean-Pierre"]
[Black "Madranges, Jean"]
[Result "1-0"]
[WhiteElo "1938"]
[BlackElo "1733"]
[PlyCount "63"]

1. e4 e6 2. d4 d5 3. Nd2 a6 4. Bd3 c5 5. c3 Nf6 6. e5 Nfd7 7. Ne2 Nc6 8. Nf3
Be7 9. O-O Qb6 10. a3 O-O 11. b4 cxb4 12. cxb4 f6 13. exf6 Nxf6 14. Bf4 Bd7 15.
Bg3 Nh5 16. Qc2 Rac8 17. Bxh7+ Kh8 18. Qd3 Nxg3 19. hxg3 Bf6 20. Rac1 Ne7 21.
Qb1 Bb5 22. Bd3 Nf5 23. Nf4 Rfe8 24. Rxc8 Rxc8 25. Bxb5 axb5 26. g4 Nxd4 27.
Nxd4 Qxd4 28. Nxe6 Qxg4 29. Nc5 Be5 30. Qd3 Qh4 31. g3 Qc4 32. Qf5 1-0

[Event "Open de Provence"]
[Site "Meyreuil"]
[Date "2009.07.06"]
[Round "2.10"]
[White "Giry, Jean-Marc"]
[Black "Montanelli, Tristan"]
[Result "0-1"]
[WhiteElo "2006"]
[BlackElo "1638"]
[PlyCount "86"]

1. c4 c5 2. g3 e6 3. Bg2 Nf6 4. Nc3 d5 5. cxd5 exd5 6. d4 cxd4 7. Qxd4 Nc6 8.
Qa4 d4 9. Ne4 Nxe4 10. Bxe4 Bb4+ 11. Kf1 Qb6 12. Kg2 O-O 13. Qc2 f5 14. Bd5+
Kh8 15. Bf4 Bd7 16. Nf3 Rac8 17. Qd3 Bc5 18. a3 Ne7 19. Bc4 Qxb2 20. Ne5 b5 21.
Nxd7 bxc4 22. Qxc4 Qb7+ 23. f3 Qxd7 24. h4 Bb6 25. Qb3 Rc3 26. Qb1 Nd5 27. Bd2
Re8 28. Bxc3 Rxe2+ 29. Kh3 f4+ 30. g4 Nxc3 31. Qb4 Qe7 32. Rhe1 Qxb4 33. axb4
Re3 34. g5 g6 35. Kg4 Nd5 36. Rec1 Rc3 37. b5 Kg7 38. h5 d3 39. h6+ Kf7 40.
Rcb1 Rc2 41. Rb3 Rg2+ 42. Kh4 Ne3 43. Rxd3 Rh2# 0-1

[Event "Open de Provence"]
[Site "Meyreuil"]
[Date "2009.07.06"]
[Round "2.11"]
[White "Chauvet, Vincent"]
[Black "Vighetti, Patrice"]
[Result "1-0"]
[WhiteElo "1904"]
[BlackElo "1690"]
[PlyCount "111"]

1. e4 e6 2. f4 d5 3. e5 c5 4. Nf3 Nc6 5. c3 Qb6 6. Na3 Bd7 7. Nc2 Nh6 8. Be2
Be7 9. O-O O-O 10. Kh1 f6 11. Ne3 fxe5 12. fxe5 Nf7 13. d4 cxd4 14. cxd4 Rac8
15. Bd3 Nb4 16. Bb1 Bb5 17. Rg1 Qa6 18. Ne1 Be2 19. Qd2 Nh8 20. N3c2 Nd3 21.
Nxd3 Bxd3 22. Nb4 Bxb4 23. Qxd3 Qxd3 24. Bxd3 a6 25. Be3 Rf7 26. Rgf1 Rxf1+ 27.
Rxf1 Be7 28. Kg1 Bb4 29. g3 Be7 30. Kg2 g6 31. h4 Nf7 32. h5 Kg7 33. hxg6 hxg6
34. g4 Rc6 35. Rf2 Bh4 36. Rc2 Rxc2+ 37. Bxc2 Bg5 38. Bxg5 Nxg5 39. Ba4 Nf7 40.
Kf3 g5 41. Ke3 Kf8 42. Kd3 Ke7 43. Kc3 Kd8 44. Kb4 b6 45. Bc2 Nh6 46. Bd1 Nf7
47. Be2 a5+ 48. Kb5 Kc7 49. Ka6 Nd8 50. Bb5 Nf7 51. Be8 Nd8 52. a3 Nb7 53. b4
axb4 54. axb4 Nd8 55. b5 Nb7 56. Bf7 1-0

[Event "Open de Provence"]
[Site "Meyreuil"]
[Date "2009.07.06"]
[Round "2.12"]
[White "Giry, Valentin"]
[Black "Madranges, Julien"]
[Result "0-1"]
[WhiteElo "1370"]
[BlackElo "1904"]
[PlyCount "74"]

1. e4 d5 2. exd5 Qxd5 3. Nc3 Qa5 4. d4 c6 5. Bd3 Nf6 6. Nge2 g6 7. O-O Bg7 8.
Bd2 O-O 9. h3 Be6 10. Qc1 Rd8 11. Bh6 Bh8 12. Re1 Bf5 13. Nf4 Bxd3 14. Nxd3 e6
15. Qf4 Nh5 16. Qg5 Qxg5 17. Bxg5 Rxd4 18. Bd2 Na6 19. Ne2 Rd7 20. Bc3 Bxc3 21.
Nxc3 Rad8 22. Rad1 Nf6 23. a3 Kf8 24. Kf1 Ke7 25. Ke2 Nd5 26. Ne4 f5 27. Ng5
Kf6 28. Nf3 b5 29. Nfe5 Rd6 30. c4 Nf4+ 31. Ke3 Nxg2+ 32. Kf3 Nh4+ 33. Kg3 bxc4
34. Kxh4 cxd3 35. Nxd3 Rxd3 36. Rxd3 Rxd3 37. Rc1 g5+ 0-1

[Event "Open de Provence"]
[Site "Meyreuil"]
[Date "2009.07.06"]
[Round "2.13"]
[White "Burmonas, Romain"]
[Black "Scamaroni, Jean-Paul"]
[Result "1-0"]
[WhiteElo "1611"]
[BlackElo "1830"]
[PlyCount "33"]

1. e4 c5 2. Nc3 Nc6 3. f4 e6 4. Nf3 Nge7 5. a3 g6 6. b4 d5 7. bxc5 Bg7 8. e5 a6
9. Na4 Qa5 10. c3 d4 11. Nxd4 Nxd4 12. cxd4 Nf5 13. Bb2 Ne3 14. Qb3 Nxf1 15.
Rxf1 O-O 16. Nb6 Rb8 17. a4 1-0

[Event "Open de Provence"]
[Site "Meyreuil"]
[Date "2009.07.06"]
[Round "2.14"]
[White "Fayette, Sylvain"]
[Black "Jean, Nicolas"]
[Result "0-1"]
[WhiteElo "2023"]
[BlackElo "1680"]
[PlyCount "62"]

1. e4 e5 2. Nc3 Nc6 3. Bc4 Nf6 4. d3 d6 5. f4 Bg4 6. Qd2 Be7 7. f5 Nd7 8. h3
Bh4+ 9. Kf1 Bh5 10. g4 Bg6 11. Nf3 h6 12. fxg6 fxg6 13. Nd5 Rf8 14. Kg2 Rc8 15.
c3 Na5 16. Bb3 c6 17. Ne3 h5 18. Be6 Rxf3 19. Bxd7+ Kxd7 20. Kxf3 Qf6+ 21. Ke2
Qf2+ 22. Kd1 Qf3+ 23. Kc2 Qxh1 24. b4 Rf8 25. Nd1 Rf3 26. bxa5 Rxh3 27. Kb3 Rh2
28. Nf2 Rxf2 29. Qe3 Qd1+ 30. Ka3 Qc2 31. d4 d5 0-1

[Event "Open de Provence"]
[Site "Meyreuil"]
[Date "2009.07.06"]
[Round "2.15"]
[White "Flores, Adrian"]
[Black "Poulain, Cedric"]
[Result "0-1"]
[WhiteElo "1680"]
[BlackElo "1931"]
[PlyCount "118"]

1. e4 e5 2. Nf3 Nf6 3. Nc3 Bb4 4. d3 d5 5. exd5 Nxd5 6. Bd2 O-O 7. a3 Nxc3 8.
bxc3 Bd6 9. Be2 Nc6 10. d4 h6 11. d5 Ne7 12. c4 Nf5 13. Bc3 Qe7 14. O-O e4 15.
Nd4 Re8 16. Nb5 Bc5 17. Bb4 a6 18. Bxc5 Qxc5 19. Nc3 Bd7 20. Kh1 Nd6 21. f3 e3
22. a4 Bf5 23. g4 Bg6 24. Bd3 Nxc4 25. Bxg6 fxg6 26. Ne4 Qf8 27. Qd3 b5 28.
axb5 axb5 29. Rxa8 Rxa8 30. Ng3 Nd2 31. Qxb5 Nxf1 32. Qxf1 Ra1 33. Qxa1 Qxf3+
34. Kg1 Qf2+ 35. Kh1 e2 36. Nxe2 Qxe2 37. h3 Qe4+ 38. Kh2 Qxc2+ 39. Kg3 Qd3+
40. Kh2 Qxd5 41. Qb1 Qd6+ 42. Kg2 c5 43. h4 c4 44. Kf3 Qf6+ 45. Ke3 Qxh4 46.
Qxg6 Qg3+ 47. Kd4 Qd3+ 48. Qxd3 cxd3 49. Kxd3 Kf7 50. Ke4 Kg6 51. Kf4 h5 52.
gxh5+ Kxh5 53. Kg3 Kg5 54. Kh3 Kf4 55. Kg2 Kg4 56. Kh2 Kf3 57. Kh1 g5 58. Kh2
g4 59. Kg1 Kg3 0-1

[Event "Open de Provence"]
[Site "Meyreuil"]
[Date "2009.07.06"]
[Round "2.16"]
[White "Chazeau, Laineur-Lothaire"]
[Black "Flores, Francisco"]
[Result "1-0"]
[WhiteElo "1650"]
[BlackElo "1810"]
[PlyCount "83"]

1. d4 d5 2. Bf4 Nf6 3. e3 Bf5 4. Nf3 Nbd7 5. c4 e6 6. Nc3 c6 7. Ne5 Qc8 8. Be2
Bb4 9. Rc1 O-O 10. O-O dxc4 11. Bxc4 Nb6 12. Be2 Rd8 13. a3 Bd6 14. Qe1 Nbd5
15. Bg5 Re8 16. Nc4 Bc7 17. Bf3 Bg4 18. Qe2 e5 19. dxe5 Bxe5 20. Nxe5 Rxe5 21.
Nxd5 Bxf3 22. Nxf6+ gxf6 23. Qxf3 fxg5 24. Qf6 Qc7 25. Rfd1 Rae8 26. Rd3 Qe7
27. Qf3 f5 28. Rcd1 f4 29. Rd7 Qe6 30. R1d6 Qf5 31. h3 Rf8 32. exf4 Qb1+ 33.
Kh2 Rxf4 34. Qb3+ Kf8 35. Rd8+ Re8 36. Qc3 Rxd8 37. Qh8+ Kf7 38. Rxd8 Qg6 39.
Qe8+ Kg7 40. Qe5+ Kh6 41. Rd6 Kh5 42. Rxg6 1-0

[Event "Open de Provence"]
[Site "Meyreuil"]
[Date "2009.07.06"]
[Round "2.17"]
[White "Baquer, Marc"]
[Black "Noireaut, Hoan"]
[Result "1-0"]
[WhiteElo "1807"]
[BlackElo "1500"]
[PlyCount "93"]

1. d4 d5 2. Bg5 Bf5 3. e3 Nd7 4. c4 c6 5. cxd5 cxd5 6. Nc3 a6 7. Qb3 Qc7 8. Bf4
e5 9. Bg3 Ngf6 10. a3 Rb8 11. Nxd5 Nxd5 12. Qxd5 Nf6 13. Qxe5+ Qxe5 14. Bxe5
Rc8 15. Bxf6 gxf6 16. Ne2 Rc2 17. Ng3 Bg6 18. b4 Bd6 19. Be2 O-O 20. Bf3 Bxg3
21. hxg3 Bd3 22. Bd1 Rc3 23. Kd2 Rfc8 24. Bf3 Bb5 25. Rhc1 Rd3+ 26. Ke1 Rxc1+
27. Rxc1 b6 28. Ra1 Bc4 29. Be2 Rc3 30. Bxc4 Rxc4 31. Kd2 Kg7 32. Rc1 Rxc1 33.
Kxc1 f5 34. Kd2 Kf6 35. Kd3 b5 36. f4 h5 37. d5 Ke7 38. e4 fxe4+ 39. Kxe4 f6
40. f5 Kd6 41. Kd4 Kd7 42. Kc5 Kc7 43. d6+ Kd7 44. Kd5 Kd8 45. Ke6 Ke8 46. Kxf6
h4 47. Kg7 1-0

[Event "Open de Provence"]
[Site "Meyreuil"]
[Date "2009.07.06"]
[Round "2.18"]
[White "Estevez, Ange"]
[Black "Derien, Robert"]
[Result "1-0"]
[WhiteElo "1640"]
[BlackElo "1801"]
[PlyCount "133"]

1. e4 d5 2. e5 c5 3. c3 Nc6 4. d4 cxd4 5. cxd4 Qb6 6. Nf3 Bg4 7. Be2 Bxf3 8.
Bxf3 Qxd4 9. O-O Qxd1 10. Rxd1 e6 11. Nc3 a6 12. Bxd5 exd5 13. Nxd5 O-O-O 14.
Bf4 Nge7 15. Nb6+ Kc7 16. Rxd8 Kxb6 17. Rd7 Ng6 18. Be3+ Bc5 19. Bxc5+ Kxc5 20.
Rxb7 Ngxe5 21. Rc1+ Kd6 22. Rd1+ Ke6 23. Rb6 g5 24. Rxa6 Rb8 25. b3 h5 26. f3
f5 27. Kf2 f4 28. Re1 Kd6 29. Rd1+ Kc5 30. Ra4 h4 31. h3 Re8 32. Ra6 Kb5 33.
Ra4 Kc5 34. Re4 Rb8 35. Rc1+ Kb6 36. Rd1 Kc7 37. Rd2 Rb5 38. Ke2 Rc5 39. a3 Rc3
40. Rd5 Rxb3 41. Rexe5 Rb2+ 42. Kf1 Rb1+ 43. Re1 Rb3 44. Rxg5 Rxa3 45. Rg4 Ra4
46. Rxh4 Kd6 47. Rh5 Nb4 48. Rh8 Nc2 49. Rd8+ Kc7 50. Rde8 Ne3+ 51. R8xe3 fxe3
52. Rxe3 Kd6 53. Kf2 Ra8 54. g4 Rh8 55. Kg3 Kd5 56. Re4 Rg8 57. h4 Ra8 58. Re1
Rh8 59. g5 Ra8 60. f4 Ra2 61. Re8 Ra1 62. Kg4 Rg1+ 63. Kf5 Kd6 64. h5 Kd7 65.
Re2 Ra1 66. h6 Ra8 67. h7 1-0

[Event "Open de Provence"]
[Site "Meyreuil"]
[Date "2009.07.06"]
[Round "2.19"]
[White "Aubry, Michel"]
[Black "Navarro, Bertrand"]
[Result "0-1"]
[WhiteElo "1499"]
[BlackElo "1790"]
[PlyCount "90"]

1. f4 g6 2. Nf3 d6 3. e3 Bg7 4. Be2 Nf6 5. O-O O-O 6. Nc3 c6 7. b3 Qc7 8. Bb2
b5 9. a3 Bb7 10. Qe1 e5 11. fxe5 dxe5 12. Nd1 Nbd7 13. h3 Nh5 14. Nh2 Rad8 15.
Bxh5 gxh5 16. Rf5 Qd6 17. Bc3 Qg6 18. e4 Bc8 19. Nf3 f6 20. Nh4 Qe8 21. Qe2 Nc5
22. Rf3 Ne6 23. Rg3 Nf4 24. Qf3 f5 25. d3 Qe7 26. Rxg7+ Qxg7 27. exf5 Bxf5 28.
Nxf5 Rxf5 29. g4 hxg4 30. hxg4 h5 31. Ne3 Rg5 32. Kf2 hxg4 33. Qxf4 exf4 34.
Bxg7 fxe3+ 35. Kxe3 Kxg7 36. Kf4 Kg6 37. Kg3 Re8 38. Rf1 Re3+ 39. Kg2 Rf5 40.
Rf2 Rxf2+ 41. Kxf2 Rf3+ 42. Kg2 Kf5 43. a4 b4 44. d4 Kf4 45. a5 Rc3 0-1

[Event "Open de Provence"]
[Site "Meyreuil"]
[Date "2009.07.06"]
[Round "2.20"]
[White "Benezra, Amos"]
[Black "Benali, Boubaker"]
[Result "0-1"]
[WhiteElo "1410"]
[BlackElo "1770"]
[PlyCount "70"]

1. e4 c5 2. d4 cxd4 3. c3 d6 4. cxd4 e6 5. Nc3 Nc6 6. Nf3 Nf6 7. Bc4 Nxe4 8.
Nxe4 d5 9. Bxd5 Qxd5 10. Nc3 Bb4 11. O-O Bxc3 12. bxc3 O-O 13. Qb3 b6 14. Qxd5
exd5 15. Bf4 Ba6 16. Rfe1 Rfe8 17. Ne5 Bb7 18. Nxc6 Bxc6 19. Re3 Re4 20. Rae1
Rxf4 21. f3 Kf8 22. Re7 Re8 23. Rxe8+ Bxe8 24. Kf2 Rf6 25. Re5 Bc6 26. Ke3 Re6
27. Rxe6 fxe6 28. Kf4 Ke8 29. Ke5 Ke7 30. f4 g6 31. g3 Bb5 32. a3 Bd3 33. g4 b5
34. h3 h5 35. g5 h4 0-1

[Event "Open de Provence"]
[Site "Meyreuil"]
[Date "2009.07.06"]
[Round "2.21"]
[White "Noireaut, Hung"]
[Black "Benezra, David"]
[Result "1-0"]
[WhiteElo "1746"]
[BlackElo "1440"]
[PlyCount "59"]

1. e4 c5 2. Nc3 e6 3. g3 a6 4. Bg2 b5 5. d3 Bb7 6. Be3 Nc6 7. f4 Be7 8. Nf3 d5
9. exd5 exd5 10. d4 c4 11. Ne5 f6 12. Qh5+ g6 13. Nxg6 hxg6 14. Qxh8 Kd7 15.
Bxd5 f5 16. Bxg8 Nb4 17. d5 Qxg8 18. Qxg8 Nxc2+ 19. Kd2 Rxg8 20. Kxc2 b4 21.
Na4 Bd8 22. Nc5+ Kc7 23. Nxb7 Kxb7 24. Rad1 Re8 25. Rhe1 Bf6 26. Bc5 Rxe1 27.
Rxe1 a5 28. Re6 Bxb2 29. Kxb2 c3+ 30. Kc2 1-0

[Event "Open de Provence"]
[Site "Meyreuil"]
[Date "2009.07.06"]
[Round "2.22"]
[White "Nicolai, Eric"]
[Black "Bizien, Antoine"]
[Result "1-0"]
[WhiteElo "1700"]
[BlackElo "1400"]
[PlyCount "89"]

1. c4 e5 2. Nc3 Nf6 3. Nf3 Nc6 4. g3 Bc5 5. Bg2 Qe7 6. O-O d6 7. e3 Bg4 8. Qa4
Bxf3 9. Bxf3 Qd7 10. a3 a5 11. b4 Bb6 12. b5 Nd8 13. Bb2 c6 14. Rad1 c5 15. d4
exd4 16. exd4 O-O 17. dxc5 Bxc5 18. Qc2 Ba7 19. Nd5 Nxd5 20. Rxd5 Bb8 21. Rh5
f5 22. Rg5 Rf7 23. Bd5 Ne6 24. Rxf5 Ba7 25. Re1 Re8 26. Kg2 Kh8 27. Bxe6 Rxe6
28. Rxe6 Qxe6 29. Rxf7 Qxf7 30. f3 h6 31. a4 b6 32. Qd3 Qc7 33. Qd4 Qe7 34. Qe4
Qxe4 35. fxe4 Kg8 36. g4 Kf7 37. Kf3 g5 38. Bd4 Kg6 39. h3 h5 40. e5 dxe5 41.
Bxe5 h4 42. Ke4 Kf7 43. Kd5 Ke7 44. c5 bxc5 45. Bd6+ 1-0

[Event "Open de Provence"]
[Site "Meyreuil"]
[Date "2009.07.07"]
[Round "3.1"]
[White "Lemiere, Frederic"]
[Black "Apicella, Manuel"]
[Result "0-1"]
[WhiteElo "2109"]
[BlackElo "2525"]
[PlyCount "74"]

1. d4 Nf6 2. c4 g6 3. Nc3 Bg7 4. e4 d6 5. h3 O-O 6. Bg5 c5 7. d5 h6 8. Be3 e6
9. Bd3 exd5 10. cxd5 Re8 11. Nf3 a6 12. a4 Nbd7 13. O-O Rb8 14. Qd2 Kh7 15. a5
Qc7 16. Ra4 b5 17. axb6 Nxb6 18. Ra2 Nfd7 19. Bf4 c4 20. Bc2 Nc5 21. Re1 Nb3
22. Qd1 Nd7 23. Ra3 Nbc5 24. Ra2 Rb4 25. Qd2 Nb3 26. Bxb3 cxb3 27. Raa1 Nb6 28.
Rac1 Nc4 29. Qe2 Qb6 30. Nd1 Qb5 31. Nd2 Nxd2 32. Bxd2 Qxe2 33. Rxe2 Rbxe4 34.
Rxe4 Rxe4 35. Rxc8 Rd4 36. Bc3 Rxd1+ 37. Kh2 Rc1 0-1

[Event "Open de Provence"]
[Site "Meyreuil"]
[Date "2009.07.07"]
[Round "3.2"]
[White "Guidarelli, Laurent"]
[Black "Girard, Jean-Pierre"]
[Result "1-0"]
[WhiteElo "2436"]
[BlackElo "1938"]
[PlyCount "53"]

1. e4 c5 2. Nf3 Nf6 3. e5 Nd5 4. b3 Nc6 5. Bb2 e6 6. c4 Nc7 7. Bd3 d5 8. exd6
Bxd6 9. Be4 Bd7 10. O-O Qe7 11. Re1 O-O-O 12. Na3 a6 13. Nc2 Rhg8 14. d4 cxd4
15. Nfxd4 Nxd4 16. Nxd4 Kb8 17. b4 Bc8 18. Qb3 Qh4 19. Nf3 Qh5 20. c5 Bf4 21.
g3 f5 22. Bc2 Bg5 23. Nxg5 Qxg5 24. Be5 h5 25. a4 h4 26. b5 hxg3 27. Qxg3 1-0

[Event "Open de Provence"]
[Site "Meyreuil"]
[Date "2009.07.07"]
[Round "3.3"]
[White "Nobili, Denis"]
[Black "Jeanjean, Dominique"]
[Result "1-0"]
[WhiteElo "1944"]
[BlackElo "2151"]
[PlyCount "57"]

1. d4 Nf6 2. c4 e6 3. Nc3 Bb4 4. Qc2 d5 5. cxd5 exd5 6. Bg5 h6 7. Bh4 c5 8.
dxc5 g5 9. Bg3 O-O 10. Bd6 Re8 11. O-O-O Bxc3 12. bxc3 Nc6 13. e3 Qa5 14. Bd3
b6 15. cxb6 axb6 16. Ne2 Bg4 17. Kb1 Bxe2 18. Qxe2 d4 19. cxd4 Nd5 20. Rc1 Nxd4
21. Qb2 Ne6 22. e4 Nc5 23. Rxc5 bxc5 24. exd5 Red8 25. Be5 Rxd5 26. Be4 Rd2 27.
Bc2 Qa7 28. Bh7+ Kxh7 29. Qxd2 1-0

[Event "Open de Provence"]
[Site "Meyreuil"]
[Date "2009.07.07"]
[Round "3.4"]
[White "Loysel, Yves"]
[Black "Jean, Olivier"]
[Result "0-1"]
[WhiteElo "1870"]
[BlackElo "2217"]
[PlyCount "68"]

1. e4 c5 2. Nc3 Nc6 3. f4 g6 4. Nf3 Bg7 5. Bc4 e6 6. d3 Nge7 7. O-O d5 8. Bb3
O-O 9. Qe1 Na5 10. Qh4 Nxb3 11. axb3 Nc6 12. Qg3 Nd4 13. Nxd4 cxd4 14. Ne2 dxe4
15. dxe4 Qb6 16. Kh1 Bd7 17. Bd2 Bb5 18. Rfe1 Rfc8 19. c4 dxc3 20. Nxc3 Bc6 21.
f5 Qxb3 22. fxg6 hxg6 23. Rab1 Rd8 24. Bg5 f6 25. Bf4 Kf7 26. e5 f5 27. Bg5 Rd4
28. h3 Rh8 29. Rf1 Qc4 30. Bf4 Rd3 31. Be3 Qh4 32. Qxh4 Rxh4 33. Bf4 Rdxh3+ 34.
Kg1 Rh1+ 0-1

[Event "Open de Provence"]
[Site "Meyreuil"]
[Date "2009.07.07"]
[Round "3.5"]
[White "Tholey, Jean-Paul"]
[Black "Burmonas, Romain"]
[Result "1-0"]
[WhiteElo "2008"]
[BlackElo "1611"]
[PlyCount "85"]

1. d4 d5 2. g3 c6 3. Bg2 e6 4. c3 Bd6 5. Nd2 f5 6. Ngf3 Nd7 7. e3 Ngf6 8. c4
O-O 9. Qc2 Ne4 10. O-O Qe8 11. c5 Bc7 12. b4 Qh5 13. Rd1 Ndf6 14. Nf1 Ng4 15.
Rd2 Nxd2 16. Bxd2 Nf6 17. Qd3 Ne4 18. b5 Rb8 19. Bb4 Re8 20. a4 Bd7 21. Rb1 b6
22. cxb6 Bxb6 23. Ne5 Bc8 24. Nxc6 Rb7 25. f3 Ng5 26. Nd2 Nf7 27. Nb3 Bd7 28.
e4 Bxc6 29. bxc6 Rc7 30. a5 Ne5 31. Qe2 Bxd4+ 32. Nxd4 Nxc6 33. Nxc6 Rxc6 34.
exd5 exd5 35. Qb5 Rce6 36. Qxd5 Qf7 37. f4 Kh8 38. Bc3 Qc7 39. Be5 Qc2 40. Rb7
Qe2 41. Bf3 Qe3+ 42. Kg2 Qa3 43. Qxe6 1-0

[Event "Open de Provence"]
[Site "Meyreuil"]
[Date "2009.07.07"]
[Round "3.6"]
[White "Nakache, Jonathan"]
[Black "Vallette, Patrick"]
[Result "1-0"]
[WhiteElo "1905"]
[BlackElo "1855"]
[PlyCount "81"]

1. e4 e6 2. d4 d5 3. Nc3 Bb4 4. e5 c5 5. a3 Bxc3+ 6. bxc3 Ne7 7. Qg4 Qc7 8.
Qxg7 Rg8 9. Qxh7 cxd4 10. Ne2 Nbc6 11. f4 Bd7 12. Qd3 dxc3 13. Nxc3 a6 14. g3
Na5 15. Bh3 Rc8 16. Bd2 Nc4 17. Ne2 Nxd2 18. Qxd2 Qxc2 19. Qxc2 Rxc2 20. Nd4
Rc4 21. Nf3 Ng6 22. Kd2 Ke7 23. Bf1 Rc5 24. Bd3 Bb5 25. Rab1 Bc6 26. Nd4 Ra5
27. Rb3 Ra4 28. Ke3 Rc8 29. Rc1 Bd7 30. Rxc8 Bxc8 31. h4 Ra5 32. Rc3 Bd7 33. h5
Nh8 34. Rc7 Rxa3 35. Rxb7 Kd8 36. Ra7 a5 37. Ra8+ Bc8 38. Nb5 Rb3 39. Nd6 Rc3
40. Kd4 Rc1 41. Ba6 1-0

[Event "Open de Provence"]
[Site "Meyreuil"]
[Date "2009.07.07"]
[Round "3.7"]
[White "Madranges, Julien"]
[Black "Chauvet, Vincent"]
[Result "0-1"]
[WhiteElo "1904"]
[BlackElo "1904"]
[PlyCount "64"]

1. d4 Nf6 2. Nf3 c5 3. e3 e6 4. Bd3 d5 5. b3 Qc7 6. Nbd2 Nc6 7. Bb2 Nb4 8. Be2
cxd4 9. Nxd4 e5 10. Nb5 Qb8 11. Nf3 Nc6 12. O-O a6 13. Na3 b5 14. Rc1 Bxa3 15.
Bxa3 b4 16. Bb2 O-O 17. c4 bxc3 18. Bxc3 Bb7 19. Qd2 Rd8 20. Qb2 Re8 21. Rfd1
Qd6 22. Rc2 Rad8 23. Nd2 Qe7 24. Bf3 h6 25. a3 Qe6 26. Rdc1 d4 27. Bxc6 Qxc6
28. f3 dxc3 29. Rxc3 Qe6 30. e4 Nh5 31. b4 Nf4 32. Nb3 Nd3 0-1

[Event "Open de Provence"]
[Site "Meyreuil"]
[Date "2009.07.07"]
[Round "3.8"]
[White "Montanelli, Tristan"]
[Black "Deleau, Denis"]
[Result "0-1"]
[WhiteElo "1638"]
[BlackElo "2150"]
[PlyCount "96"]

1. f4 d6 2. Nf3 g6 3. g3 Bg7 4. Bg2 c5 5. c3 Nc6 6. d3 Bd7 7. Na3 Rb8 8. O-O b5
9. Bd2 Nf6 10. Rb1 O-O 11. Nc2 d5 12. Re1 Qb6 13. h3 Rbd8 14. Be3 Be6 15. b4 d4
16. bxc5 Qa6 17. Nfxd4 Nxd4 18. Bxd4 Nd5 19. Bxd5 Bxd4+ 20. cxd4 Bxd5 21. Nb4
Qe6 22. Kh2 Qe3 23. Rf1 Qxd4 24. Nxd5 Rxd5 25. Rxb5 Rc8 26. Qb3 Rdxc5 27. Rb4
Qf6 28. Re4 e6 29. d4 Rc3 30. Qb5 Rc2 31. a4 h5 32. Rf3 h4 33. g4 Qd8 34. Rfe3
Rb8 35. Qg5 Qxg5 36. fxg5 Rb4 37. a5 Ra2 38. Kg2 Rxa5 39. Kf3 Rxg5 40. Kf4 Rd5
41. Rd3 g5+ 42. Kf3 a5 43. e3 a4 44. Re5 Rb3 45. Ke2 Rxd3 46. Kxd3 Rxe5 47.
dxe5 a3 48. Kc3 f5 0-1

[Event "Open de Provence"]
[Site "Meyreuil"]
[Date "2009.07.07"]
[Round "3.9"]
[White "Poulain, Cedric"]
[Black "Noireaut, Hung"]
[Result "0-1"]
[WhiteElo "1931"]
[BlackElo "1746"]
[PlyCount "56"]

1. Nf3 d5 2. g3 Nf6 3. Bg2 Bf5 4. O-O e6 5. c4 Nbd7 6. d4 Be7 7. Nc3 O-O 8. Nh4
Be4 9. f3 Bg6 10. Nxg6 hxg6 11. cxd5 Nxd5 12. e4 Nxc3 13. bxc3 c5 14. Qb3 Nb6
15. Rd1 cxd4 16. cxd4 Rc8 17. Be3 Rc4 18. a4 Rb4 19. Qc2 Qd7 20. a5 Nc4 21. Qe2
Rc8 22. Ra2 Nxe3 23. Qxe3 e5 24. Rad2 exd4 25. Rxd4 Rxd4 26. Rxd4 Qxd4 27. Qxd4
Bc5 28. Qxc5 Rxc5 0-1

[Event "Open de Provence"]
[Site "Meyreuil"]
[Date "2009.07.07"]
[Round "3.10"]
[White "Battaglia, Gerard"]
[Black "Nicolai, Eric"]
[Result "1-0"]
[WhiteElo "1912"]
[BlackElo "1700"]
[PlyCount "81"]

1. d4 d5 2. c4 e6 3. Nf3 Nf6 4. Bg5 Bb4+ 5. Nc3 h6 6. Bh4 g5 7. Bg3 Ne4 8. Rc1
c5 9. Bxb8 Rxb8 10. a3 Bxc3+ 11. bxc3 Qa5 12. cxd5 Qxa3 13. e3 exd5 14. Bb5+
Ke7 15. Qc2 Bf5 16. Bd3 c4 17. Bxe4 Bxe4 18. Qd2 a6 19. O-O f6 20. Ra1 Qd6 21.
Qa2 Ra8 22. Nd2 Bd3 23. Rfe1 f5 24. Nf3 g4 25. Ne5 Be4 26. Qe2 Rhg8 27. Kh1 h5
28. f3 gxf3 29. gxf3 Bd3 30. Nxd3 cxd3 31. Qxd3 Kf6 32. e4 dxe4 33. fxe4 Qc6
34. d5 Qc5 35. exf5 Rad8 36. Rad1 Rg4 37. Re6+ Kf7 38. Rg6 Rc4 39. Qf3 Rxc3 40.
Qxh5 Rxd5 41. Qh7+ 1-0

[Event "Open de Provence"]
[Site "Meyreuil"]
[Date "2009.07.07"]
[Round "3.11"]
[White "Benali, Boubaker"]
[Black "Colandrea, Sauveur"]
[Result "0-1"]
[WhiteElo "1770"]
[BlackElo "1901"]
[PlyCount "81"]

1. d4 Nf6 2. Nf3 d6 3. c4 g6 4. Nc3 Bg7 5. e4 O-O 6. Be2 e5 7. d5 Nbd7 8. O-O
Nc5 9. Qc2 a5 10. b3 Nh5 11. Re1 f5 12. Nd2 Nf6 13. f3 f4 14. Bb2 g5 15. a3 g4
16. b4 axb4 17. axb4 Rxa1 18. Rxa1 Na6 19. Na2 g3 20. Nf1 Nh5 21. Bc3 Qg5 22.
Be1 Rf6 23. c5 Rg6 24. h3 Qh4 25. Bxa6 bxa6 26. cxd6 Bxh3 27. gxh3 Qxh3 28. Qg2
Qd7 29. dxc7 Qxc7 30. Nd2 Qa7+ 31. Kf1 Nf6 32. Ke2 Rh6 33. Kd1 Rh2 34. Qf1 g2
35. Qc4 g1=Q 36. d6+ Kf8 37. Qc8+ Kf7 38. Rc1 Qxe1+ 39. Kxe1 Qg1+ 40. Nf1 Qf2+
41. Kd1 0-1

[Event "Open de Provence"]
[Site "Meyreuil"]
[Date "2009.07.07"]
[Round "3.12"]
[White "Del Vecchio, Alain"]
[Black "Sartre, Guilhem"]
[Result "0-1"]
[WhiteElo "1900"]
[BlackElo "1677"]
[PlyCount "100"]

1. e4 e6 2. d4 d5 3. Nc3 Nf6 4. e5 Nfd7 5. f4 c5 6. Nf3 Nc6 7. Be3 a6 8. Qd2
Qb6 9. O-O-O cxd4 10. Bxd4 Nxd4 11. Nxd4 Bb4 12. Nb3 Nc5 13. Nxc5 Qxc5 14. Qd4
Qxd4 15. Rxd4 Bc5 16. Rd1 Be3+ 17. Kb1 Bxf4 18. Re1 Bd2 19. Rd1 Bxc3 20. bxc3
b5 21. Kb2 Bd7 22. Bd3 Ke7 23. Rhf1 h6 24. Rf3 f6 25. exf6+ gxf6 26. Rdf1 Raf8
27. g4 e5 28. Rg3 e4 29. Be2 Kd6 30. h4 Rhg8 31. Rd1 Rc8 32. Rf1 Ke5 33. Rfg1
Rg7 34. g5 fxg5 35. hxg5 hxg5 36. Rxg5+ Rxg5 37. Rxg5+ Bf5 38. Rg7 Kf4 39. Ra7
Rc6 40. Bh5 Ke3 41. Rf7 Bh3 42. Rg7 Bf1 43. Rg1 Kf2 44. Rg5 Bc4 45. Bf7 Rf6 46.
Bxd5 Bxd5 47. Rxd5 e3 48. Rh5 e2 49. Rh2+ Kf1 50. Rh1+ Kg2 0-1

[Event "Open de Provence"]
[Site "Meyreuil"]
[Date "2009.07.07"]
[Round "3.13"]
[White "Madranges, Jean"]
[Black "Maury, Claude"]
[Result "1/2-1/2"]
[WhiteElo "1733"]
[BlackElo "1883"]
[PlyCount "78"]

1. d4 d5 2. Nf3 Nc6 3. Bf4 Bg4 4. e3 e6 5. Bb5 Bd6 6. Bg3 Nge7 7. c3 a6 8. Be2
Nf5 9. Nbd2 h5 10. e4 Bxg3 11. hxg3 dxe4 12. Nxe4 Nd6 13. Qd3 Nxe4 14. Qxe4 Bf5
15. Qe3 Qe7 16. Ne5 Nxe5 17. Qxe5 f6 18. Qe3 O-O-O 19. O-O-O Qf7 20. Bc4 Qd7
21. d5 e5 22. Qa7 Qa4 23. Bb3 Qe4 24. Qa8+ Kd7 25. Qxb7 Qb1+ 26. Kd2 Qxb2+ 27.
Ke1 Qxc3+ 28. Kf1 Bd3+ 29. Kg1 Be2 30. Ba4+ Kd6 31. Rb1 Qc5 32. Kh2 Rb8 33.
Qc6+ Qxc6 34. Bxc6 Bb5 35. Rhc1 Bd3 36. Rb7 Rxb7 37. Bxb7 Bb5 38. Rb1 Bc4 39.
Rc1 Bb5 1/2-1/2

[Event "Open de Provence"]
[Site "Meyreuil"]
[Date "2009.07.07"]
[Round "3.14"]
[White "Jean, Nicolas"]
[Black "Baquer, Marc"]
[Result "0-1"]
[WhiteElo "1680"]
[BlackElo "1807"]
[PlyCount "28"]

1. e4 e6 2. d4 d5 3. e5 c5 4. c3 Nc6 5. Nf3 cxd4 6. cxd4 Bd7 7. Nbd2 Nh6 8. Nb3
Nf5 9. Bd2 Be7 10. Rc1 O-O 11. Bb5 Nxe5 12. dxe5 Bxb5 13. g4 Nh4 14. Nbd4 Ng2#
0-1

[Event "Open de Provence"]
[Site "Meyreuil"]
[Date "2009.07.07"]
[Round "3.15"]
[White "Navarro, Bertrand"]
[Black "Chazeau, Laineur-Lothaire"]
[Result "1-0"]
[WhiteElo "1790"]
[BlackElo "1650"]
[PlyCount "57"]

1. e4 e5 2. Nf3 Nc6 3. Bb5 d6 4. d4 exd4 5. Qxd4 Bd7 6. Bxc6 Bxc6 7. Nc3 Nf6 8.
Bg5 Be7 9. O-O-O a5 10. Rhe1 O-O 11. e5 dxe5 12. Qh4 Bd6 13. Nxe5 h6 14. Bxf6
Qxf6 15. Qxf6 gxf6 16. Nxc6 bxc6 17. Re4 Rfe8 18. Rde1 Re5 19. f4 Rh5 20. h3
Rh4 21. Rf1 Rh5 22. Rc4 Rc5 23. Rxc5 Bxc5 24. Ne4 Be3+ 25. Kd1 Kg7 26. Rf3 Bb6
27. Rg3+ Kf8 28. Nxf6 Bd4 29. Rg8+ 1-0